La novela bizantina española: apuntes para una revisión del género

Uloženo v:
Podrobná bibliografie
Hlavní autor: Teijeiro Fuentes, Miguel Angel (Autor)
Médium: Kniha
Jazyk:španělština
Vydáno: Cáceres Universidad de Extremadura 1988
Témata:
Tagy: Přidat tag
Žádné tagy, Buďte první, kdo vytvoří štítek k tomuto záznamu!

MARC

LEADER 00000nam a2200000 a 4500
001 UCX0640
003 CL-VaPUC
008 891229e19880000SP |||||||||||||||||spa|d
082 0 4 |a 863.09  |b TEI  |2 21 
100 0 |a Teijeiro Fuentes, Miguel Angel  |e author  |9 316055 
245 1 3 |a La novela bizantina española: apuntes para una revisión del género 
300 |a 69 p 
942 |c BK 
945 |d 19891229 00:00:00 
260 |a Cáceres  |b Universidad de Extremadura  |c 1988 
650 7 |a NOVELA ESPAÑOLA  |2 CL-VaPUC  |9 313139 
650 0 |a Historia y crítica   |9 257407 
583 |a last modification  |c 19891229 00:00:00  |k Rodrigo Vera 
999 |c 222177  |d 222175